Central Library OPAC University of Rajshahi

Nuclear magnetic resonance / (Record no. 15591)

MARC details
000 -LEADER
fixed length control field 01358nam a2200397 a 4500
001 - CONTROL NUMBER
control field 15591
003 - CONTROL NUMBER IDENTIFIER
rucl marc code BD-RjUL
005 - DATE AND TIME OF LATEST TRANSACTION
control field 20211208235842.0
008 - FIXED-LENGTH DATA ELEMENTS--GENERAL INFORMATION
fixed length control field 140210s1994 nyuax1 0 1 a0eng
020 ## - INTERNATIONAL STANDARD BOOK NUMBER
International Standard Book Number 0121821404
030 ## - CODEN DESIGNATION
CODEN MENZAU
035 ## - SYSTEM CONTROL NUMBER
System control number (BD-RjUL)15646
040 ## - CATALOGING SOURCE
Original cataloging agency DLC
Transcribing agency DLC
Modifying agency NSD
-- OCL
-- TOM
-- IUL
-- IUL
-- BD-RjUL
Language of cataloging eng
041 ## - LANGUAGE CODE
Language code of text/sound track or separate title eng
082 0# - DEWEY DECIMAL CLASSIFICATION NUMBER
Classification number 538.362
Edition number 23
Author mark and year MET 1994
245 00 - TITLE STATEMENT
Title Nuclear magnetic resonance /
Statement of responsibility, etc. edited by Thomas L. James,Norman J. Oppenheimer.
260 ## - PUBLICATION, DISTRIBUTION, ETC. (IMPRINT)
Place of publication, distribution, etc. New York :
Name of publisher, distributor, etc. Academic Press,
Date of publication, distribution, etc. c1994
300 ## - PHYSICAL DESCRIPTION
Pagination XXIX, 813 p. ;
Illustrations ill. ;
Size 23 cm.
490 1# - SERIES STATEMENT
Series statement Methods in enzymology ;
Volume/sequential designation 239.
500 ## - GENERAL NOTE
General note Published: San Diego, <1989->; by Elsvier Academic Press, <2003->.
General note Latest issue consulted: Vol. 320, published in 2000.
504 ## - BIBLIOGRAPHY, ETC. NOTE
Bibliography, etc Includes index.
505 0# - FORMATTED CONTENTS NOTE
Formatted contents note part C
510 2# - CITATION/REFERENCES NOTE
Name of source Chemical abstracts
International Standard Serial Number 0009-2258
580 ## - LINKING ENTRY COMPLEXITY NOTE
Linking entry complexity note Complemented by: Methods (San Diego, Calif).
Linking entry complexity note Selected issues also available on CD-ROM: Methods in enzymology on CD-ROM.
650 ## - SUBJECT ADDED ENTRY--TOPICAL TERM
Topical term or geographic name as entry element Nuclear magnetic resonance
9 (RLIN) 159518
Topical term or geographic name as entry element Proteins
9 (RLIN) 209415
Topical term or geographic name as entry element Enzymes
9 (RLIN) 209416
700 1# - ADDED ENTRY--PERSONAL NAME
Personal name James, Thomas L.
Personal name Oppenheimer, Norman J.
830 ## - SERIES ADDED ENTRY--UNIFORM TITLE
Uniform title Methods in enzymology ;
Volume number/sequential designation 239.
942 ## - ADDED ENTRY ELEMENTS (KOHA)
Source of classification or shelving scheme Dewey Decimal Classification
Koha item type Books
Holdings
Lost status Source of classification or shelving scheme Damaged status Not for loan Collection code Permanent Location Current Location Shelving location Date acquired Source of acquisition Cost, normal purchase price Total Checkouts Full call number Date last seen Copy number Koha item type
  Dewey Decimal Classification     Non-fiction Central Library, University of Rajshahi Central Library, University of Rajshahi   07/07/1997 Ahasania Mission Book Dis. House, Dhaka 4823.00   538.362 MET Pt.-C 1994 10/02/2014 C-2 Books
  Dewey Decimal Classification   Not For Loan Non-fiction Central Library, University of Rajshahi Central Library, University of Rajshahi Reading Room 07/07/1979 Ahsanian Mission, Dhaka 4823.50   538.362 MET Pt.-C 1994 19/04/2017 C-1 Books